000 00333 a2200157 4500
001 155612
040 _cEscola São Tomás de Aquino
100 _aMOUTINHO, Luiz Damon S.
240 1 0 _aSatre
_lpor
245 1 0 _aSatre
300 _a120
362 0 _a1995
440 1 _aModerna
697 _aFILOSOFIA E PSICOLOGIA
942 _cBK
999 _c155612
_d155612